Texas optoelektronikai receptek

Uložené v:
Podrobná bibliografia
Médium: Kniha
Jazyk:Hungarian
Vydavateľské údaje: Budapest Műszaki könyvkiadó 1979
Tagy: Pridať tag
Žiadne tagy, Buďte prvý, kto otaguje tento záznam!

MARC

LEADER 00000nam a2200000 4500
001 0223428
005 20260105123133.6
041 0 |a hun 
044 |a HU 
245 1 0 |a Texas optoelektronikai receptek  |c prekl. Ferenc Várnai 
264 1 |a Budapest  |b Műszaki könyvkiadó  |c 1979 
300 |a 495 s.